Клиент-серверное приложение для хранения и обработки метеоданных; Современные техника и технологии; Т. 2
| Parent link: | Современные техника и технологии: сборник трудов XXI международной научной конференции студентов, аспирантов и молодых ученых, Томск, 5-9 октября 2015 г./ Национальный исследовательский Томский политехнический университет (ТПУ).— , 2015 Т. 2.— 2015.— [С. 88-90] |
|---|---|
| Egile nagusia: | |
| Erakunde egilea: | |
| Beste egile batzuk: | , |
| Gaia: | Заглавие с титульного экрана The paper describes the client-server application for storing and processing of meteorological observations data. The application is based on the structure and content of meteorological observations data from land and sea stations in the code KN-01 (international form FM 12-VII SINOP and FM 13-VII SHIP). |
| Hizkuntza: | errusiera |
| Argitaratua: |
2015
|
| Saila: | Автоматическое управление и системная инженерия |
| Gaiak: | |
| Sarrera elektronikoa: | http://earchive.tpu.ru/handle/11683/22041 http://www.lib.tpu.ru/fulltext/c/2015/C01/V2/026.pdf |
| Formatua: | MixedMaterials Baliabide elektronikoa Liburu kapitulua |
| KOHA link: | https://koha.lib.tpu.ru/cgi-bin/koha/opac-detail.pl?biblionumber=615221 |
MARC
| LEADER | 00000naa2a2200000 4500 | ||
|---|---|---|---|
| 001 | 615221 | ||
| 005 | 20240212140541.0 | ||
| 035 | |a (RuTPU)RU\TPU\conf\13420 | ||
| 035 | |a RU\TPU\conf\13419 | ||
| 090 | |a 615221 | ||
| 100 | |a 20151030d2015 k y0rusy50 ca | ||
| 101 | 0 | |a rus | |
| 102 | |a RU | ||
| 105 | |a y z 101zy | ||
| 135 | |a drgn ---uucaa | ||
| 181 | 0 | |a i | |
| 182 | 0 | |a b | |
| 200 | 1 | |a Клиент-серверное приложение для хранения и обработки метеоданных |d Client-server application for storing and processing of meteorological data |f С. Ф. Феклин, А. С. Колочев, В. Н. Попов |g науч. рук. В. Н. Попов | |
| 203 | |a Текст |c электронный | ||
| 225 | 1 | |a Автоматическое управление и системная инженерия | |
| 300 | |a Заглавие с титульного экрана | ||
| 320 | |a [Библиогр.: с. 90 (2 назв.)] | ||
| 330 | |a The paper describes the client-server application for storing and processing of meteorological observations data. The application is based on the structure and content of meteorological observations data from land and sea stations in the code KN-01 (international form FM 12-VII SINOP and FM 13-VII SHIP). | ||
| 337 | |a Adobe Reader | ||
| 461 | 1 | |0 (RuTPU)RU\TPU\conf\13102 |t Современные техника и технологии |o сборник трудов XXI международной научной конференции студентов, аспирантов и молодых ученых, Томск, 5-9 октября 2015 г. |o в 2 т. |f Национальный исследовательский Томский политехнический университет (ТПУ) |d 2015 | |
| 463 | 0 | |0 (RuTPU)RU\TPU\conf\13105 |t Т. 2 |f под ред. А. М. Малышенко [и др.] |v [С. 88-90] |d 2015 | |
| 510 | 1 | |a Client-server application for storing and processing of meteorological data |z eng | |
| 610 | 1 | |a труды учёных ТПУ | |
| 610 | 1 | |a электронный ресурс | |
| 610 | 1 | |a клиент-сервисные приложения | |
| 610 | 1 | |a хранение | |
| 610 | 1 | |a обработка | |
| 610 | 1 | |a метеоданные | |
| 700 | 1 | |a Феклин |b С. Ф. | |
| 701 | 1 | |a Колочев |b А. С. | |
| 701 | 1 | |a Попов |b В. Н. |c специалист в области информатики и вычислительной техники |c доцент Томского политехнического университета, кандидат технических наук |f 1978- |g Владимир Николаевич |3 (RuTPU)RU\TPU\pers\26856 |9 12474 | |
| 702 | 1 | |a Попов |b В. Н. |c специалист в области информатики и вычислительной техники |c доцент Томского политехнического университета, кандидат технических наук |f 1978- |g Владимир Николаевич |4 727 | |
| 712 | 0 | 2 | |a Национальный исследовательский Томский политехнический университет (ТПУ) |b Институт кибернетики (ИК) |b Кафедра информатики и проектирования систем (ИПС) |3 (RuTPU)RU\TPU\col\18697 |
| 801 | 2 | |a RU |b 63413507 |c 20210120 |g RCR | |
| 856 | 4 | |u http://earchive.tpu.ru/handle/11683/22041 | |
| 856 | 4 | |u http://www.lib.tpu.ru/fulltext/c/2015/C01/V2/026.pdf | |
| 942 | |c BK | ||